Plantillas de los campeones del mundo (Siglo XXI) - Estadísticas

Estadísticas generales
  • Esta prueba ha sido intentada 81 veces
  • La puntuación promedio es 82 de 141
Estadísticas de respuestas
Pos. Jugador % Correcto
DL 7 David Villa
100%
DL 9 Fernando Torres
100%
PT 1 Iker Casillas
100%
MC 6 Iniesta
100%
MC 8 Xavi
100%
PT 23 Emiliano Martínez
98%
DL 10 Mbappé
98%
DF 5 Puyol
98%
DF 15 Sergio Ramos
98%
DF 3 Piqué
97%
DL 10 Lionel Messi
95%
PT 1 Neuer
95%
DL 9 Julián Álvarez
94%
DL 22 Lautaro Martínez
94%
PT 1 Lloris
94%
MC 6 Paul Pogba
94%
PT 12 Víctor Valdés
94%
MC 14 Xabi Alonso
94%
DL 7 Griezmann
92%
PT 1 Buffon
90%
MC 10 Cesc Fàbregas
90%
DL 9 Giroud
90%
PT 23 Pepe Reina
90%
DL 9 Ronaldo
90%
DF 11 Capdevila
89%
MC 20 Javi Martínez
89%
DF 25 Lisandro Martínez
89%
MC 21 David Silva
87%
MC 13 Kanté
86%
MC 8 Gilberto Silva
84%
DF 22 Jesús Navas
84%
DL 18 Pedro
84%
MC 11 Ronaldinho
84%
MC 21 Andrea Pirlo
83%
PT 1 Armani
83%
MC 16 Busquets
83%
MC 24 Enzo Fernández
83%
DL 11 Klose
83%
DL 11 Ángel Di María
81%
DF 19 Otamendi
81%
DF 6 Roberto Carlos
81%
DF 5 Umtiti
81%
DF 5 Cannavaro
79%
DF 13 Cristian Romero
79%
DF 2 Pavard
79%
DL 10 Rivaldo
78%
MC 18 Toni Kroos
78%
MC 7 De Paul
76%
DF 21 Lucas Hernández
76%
DF 26 Nahuel Molina
76%
MC 13 Thomas Müller
76%
DF 4 Varane
76%
DL 11 Dembélé
75%
DF 4 Gonzalo Montiel
75%
MC 6 Khedira
75%
DF 16 Philipp Lahm
75%
DF 3 Tagliafico
75%
DF 17 Arbeloa
73%
PT 12 Dida
73%
DF 5 Hummels
73%
MC 23 Kaká
73%
DF 20 Boateng
71%
DF 2 Cafú
71%
DL 21 Dybala
71%
MC 20 Mac Allister
71%
DF 8 Marcos Acuña
71%
MC 19 Mario Götze
71%
DL 10 Totti
71%
DL 13 Juan Mata
68%
DL 19 Llorente
68%
MC 8 Mesut Özil
68%
DL 7 Del Piero
67%
MC 5 Leandro Paredes
65%
DF 2 Albiol
63%
MC 8 Gattuso
63%
DF 4 Marchena
63%
MC 17 Alejandro Gómez
60%
PT 16 Mandanda
60%
DF 3 Lúcio
57%
PT 12 Rulli
57%
MC 14 Matuidi
56%
DF 3 Kimpembe
54%
MC 7 Schweinsteiger
54%
DF 23 Materazzi
52%
DF 13 Nesta
52%
DL 15 Ángel Correa
51%
DL 16 Thiago Almada
49%
PT 23 Areola
46%
MC 9 Schürrle
44%
MC 4 De Rossi
43%
DL 18 Inzaghi
43%
DF 22 Benjamin Mendy
40%
MC 14 Exequiel Palacios
40%
DF 4 Höwedes
40%
DF 6 Pezzella
40%
DF 19 Zambrotta
40%
MC 18 Guido Rodríguez
38%
DF 2 Juan Foyth
38%
DF 3 Fabio Grosso
37%
DL 9 Luca Toni
37%
DF 17 Adil Rami
35%
MC 23 Christoph Kramer
35%
DF 17 Mertesacker
35%
MC 16 Camoranesi
33%
MC 10 Podolski
33%
DL 18 Nabil Fekir
32%
MC 12 Tolisso
30%
PT 22 Weidenfeller
30%
MC 15 N'Zonzi
29%
DF 21 Mustafi
27%
DL 20 Thauvin
27%
DL 8 Thomas Lemar
25%
DL 11 Gilardino
24%
PT 1 Marcos
24%
DF 5 Edmílson
21%
DL 15 Iaquinta
21%
DF 6 Barzagli
19%
DL 17 Denilson
19%
MC 14 Julian Draxler
19%
PT 22 Rogério Ceni
19%
DF 19 Sidibé
19%
MC 20 Perrotta
17%
DF 16 Júnior
16%
MC 19 Juninho Paulista
14%
MC 15 Kléberson
14%
PT 12 Zieler
14%
DF 13 Belletti
13%
PT 14 Marco Amelia
13%
DF 4 Roque Júnior
13%
PT 12 Peruzzi
11%
MC 18 Vampeta
11%
DF 2 Großkreutz
10%
DF 22 Massimo Oddo
10%
MC 3 Matthias Ginter
10%
MC 14 Anderson Polga
8%
DL 21 Luizão
8%
DF 2 Zaccardo
8%
DL 20 Edilson
6%
MC 7 Ricardinho
6%
MC 17 Simone Barone
5%
DF 15 Erik Durm
3%
No se encontraron pruebas coincidentes
Distribución de puntuación
Porcentaje de gente con cada puntuación
Porcentaje por número respondido
Historial de tus puntuaciones
No has intentado esta prueba.